1160 1816 1663 1176 1471 1283 1697 1044 1070 1017 1443 1673 1172 1561 1249 1499 1356 1443 1168 1199 1715 1898 1174 1612 1434 1694 1335 1940 1833 1443 1515 1492 1257 1891 1555 1063 1572 1681 1904 1992 1924 1215 1051 1766 1657 1967 1151 1042 1394 1834 1022 1219 1859 1340 1193 1100 1016 1376 1472 1953 1351 1300 1379 1911 1275 1723 1641 1891 1843 1262 1563 1153 1679 1649 1672 1279 1521 1524 1922 1674 1178 1494 1339 1318 1617 1217 1944 1760 1901 1773 1009 1594 1632 1430 1553 1751 1500 1551 1630 BCNSPRNW ULIB Ver.6.0+V

เปลี่ยนเป็นภาษาไทย

Change to English
 แสดงรายละเอียดบรรณานุกรม
  กลับหน้าหลัก

Brief Record : Get Marc (ISO 2709) : E-mail record : QR code < ปิดหน้าต่าง
LEADER : 00000nam 2200000uu 4500
001    13399120404
003     ULIB
008    120919s2549||||th 000 0 tha d
020    ^a9789745420632
060 04 ^aWA395^bจ571พ 2549
100 0  ^aจีระศักดิ์ เจริญพันธ์
245 10 ^aพฤติกรรมสุขภาพ :^bHealth behavior /^cจีระศักดิ์ เจริญพันธ์, เฉลิมพล ตันสกุล
246 31 ^aHealth behavior
250    ^aพิมพ์ครั้งที่ 4
260    ^aมหาสารคาม :^bคณะสารธารณสุขศาสตร์ มหาวิทยาลัยมหาสารคาม,^c2549
650  7 ^aพฤติกรรมสุขภาพ
650  7 ^aสุขภาพ
700 0  ^aเฉลิมพล ตันสกุล
710 2  ^aมหาวิทยาลัยมหาสารคาม. ^bคณะสาธารณสุขศาสตร์
945    ^p180^l0^i24694
995    ^aกัณชพร
999 ^a ใช้งานได้ทุกระบบ
รายการนี้ยังไม่มีแท็ก
คุณยังไม่ได้ล็อกอิน คุณสามารถมีกิจกรรมร่วมกับเว็บไซต์ได้ แต่ต้องล็อกอินก่อน ::
  ล็อกอิน

รายการสื่อสารสนเทศ

ลำดับที่ ประเภท เลขเรียก/บาร์โค้ด สถานที่ สถานะ
1. วิทยาศาสตร์การแพทย์ และสุขภาพ
วิทยาศาสตร์การแพทย์ และสุขภาพ
WA395 จ571พ 2549  
  Barcode: 24694
ห้องสมุดวิทยาเขตสวรรค์ประชารักษ์
►หนังสือทั่วไป
บนชั้น

รายการใกล้เคียง
    ผู้แต่ง [จีระศักดิ์ เจริญพันธ์]

    หัวเรื่อง [พฤติกรรมสุขภาพ]
    หัวเรื่อง [สุขภาพ]

BibComment


ยังไม่เคยถูกคอมเมนท์

คอมเมนท์ทรัพยากรรายการนี้
  คอมเมนท์: พฤติกรรมสุขภาพ ..


 Copyright 2026. Bcnsprnw @Library